Normal view
MARC view
Entry Corporate Name
001 - CONTROL NUMBER
- control field: 33062
003 - CONTROL NUMBER IDENTIFIER
- control field: ARRUPE
005 - DATE AND TIME OF LATEST TRANSACTION
- control field: 20170713114247.0
008 - FIXED-LENGTH DATA ELEMENTS
- fixed length control field: 170713|| aca||aabn | a|a d
040 ## - CATALOGING SOURCE
- Original cataloging agency: ARRUPE
- Transcribing agency: ARRUPE
110 ## - HEADING--CORPORATE NAME
- Corporate name or jurisdiction name as entry element: British Academy.
670 ## - SOURCE DATA FOUND
- Source citation: Work cat.: (ARRUPE)22988: Rationalism, empiricism, and idealism :, 1986.